[Event "5th EKA IIFL Investment 2019"]
[Site "Mumbai"]
[Date "2020.01.02"]
[Round "4.28"]
[White "Saurabh Anand"]
[Black "Puranik, Abhimanyu"]
[Result "0-1"]
[WhiteElo "2269"]
[BlackElo "2580"]
[Annotator "TA"]
[PlyCount "138"]
[EventDate "2019.12.30"]
[EventType "swiss"]
[EventCountry "IND"]
[SourceTitle "playchess.com"]
[Source "ChessBase"]
[SourceQuality "1"]

{[%evp 24,138,79,78,79,77,108,108,97,77,86,79,68,41,34,45,47,28,32,19,20,19,15,11,0,0,9,6,11,0,12,-18,26,26,39,12,15,0,0,0,7,0,0,0,11,0,0,0,8,0,0,0,0,0,0,0,4,0,0,0,0,-3,14,13,18,12,12,0,0,0,0,0,14,0,0,-29,-39,-36,-41,-104,-122,-812,-846,-1261,-1214,-2552,-2415,-2369,-1970,-2495,-1921,-1909,-1754,-2143,-1597,-1778,-1368,-5257,-6087,-29969,-29970,-29970,-29970,-29984,-29985,-29985,-29986,-29986,-29987,-29989,-29987,-29987,-29988,-29991,-29992,-29994,-1497]} 1. e4 e5 2. Nf3 Nc6 3. Bb5 a6 4. Ba4 Nf6 5. O-O Be7 6. Re1 b5 7. Bb3 d6 8. c3 Na5 9. Bc2 c5 10. d4 Qc7 11. h3 O-O 12. d5 c4 13. b4 cxb3 {C97: Closed Ruy Lopez: Chigorin Defence: 11 d4 Qc7, sidelines} 14. axb3 Re8 (14... Bd7 15. Ba3 Bd8 16. Nbd2 Qb8 17. b4 Nc4 18. Nxc4 bxc4 19. Ba4 Bb5 20. Bc1 h6 21. Nh4 Bxa4 22. Rxa4 Nxd5 23. exd5 Bxh4 {1-0 (53) Robson,R (2644)-Sevian,S (2615) Saint Louis 2017}) 15. Bd3 Bd7 {White is better.} 16. Bd2 $146 ({Predecessor:} 16. Re2 b4 17. Bd2 bxc3 18. Bxc3 Nb7 19. Rxa6 Rxa6 20. Bxa6 Qb6 21. Bd3 {0-1 (75) Zeberski,J (2437)-Malinovsky,K (2334) Olomouc 2007}) 16... Rec8 17. Na3 g6 18. c4 bxc4 19. Nxc4 Nxc4 20. Bxc4 a5 21. Qe2 a4 22. Rec1 {Ba6 is the strong threat.} axb3 23. Bxb3 {Hoping for Rxa8.} Rxa1 24. Rxa1 Qb6 25. Bc4 Qb2 26. Ra7 Bd8 27. Bg5 Qb8 28. Ra1 Nh5 29. Bxd8 (29. Be3 {is more complex.} Nf6 30. Bd3 Rc7 31. Ra6 Rc3 32. Qd2) 29... Rxd8 30. Qa2 Rc8 31. Rb1 Qc7 32. Bf1 Nf6 33. Nd2 Qc2 34. Rb2 Qc1 35. Rb1 Qc2 36. Rb2 Qd1 37. Qa6 Qc1 38. Ra2 Qc5 39. Rb2 Qc3 40. Ra2 Qc5 41. Rb2 Kg7 42. Qb6 (42. Rb7 {is interesting.} Rc7 43. Rb8 Bc8 44. Qd3 h5 45. Rb5) 42... Kf8 43. Qxc5 Rxc5 44. f3 Ke7 45. Rb6 Ne8 46. g4 f5 47. Nc4 Rc7 48. gxf5 gxf5 49. f4 exf4 50. e5 dxe5 51. d6+ {[#]} ({White should try} 51. Nxe5 $15 Nd6 52. Kg2) 51... Nxd6 $1 $17 {[%mdl 512]} 52. Rxd6 $2 {[%mdl 8192]} (52. Nxd6 $17 e4 53. Nc4) 52... Be6 $19 53. Rd1 Rxc4 ({Not} 53... Bxc4 54. Rc1 $15) 54. Bxc4 Bxc4 {[%mdl 4096] Endgame KR-KB} 55. Rc1 Bf7 56. Rc6 e4 57. Kf2 Bg6 58. h4 Kf7 59. Rc1 Kf6 60. Rc7 Bf7 61. Ra7 f3 {Black mates.} 62. Ke3 {[#]} f4+ $1 63. Kf2 (63. Kxf4 f2) 63... Bd5 64. Ra4 e3+ 65. Kf1 Ke5 66. Rb4 Be6 67. Rb5+ Kd4 68. Rb4+ Bc4+ 69. Ke1 f2+ {Accuracy: White = 27%, Black = 69%.} 0-1

[Event "5th EKA IIFL Investment 2019"]
[Site "Mumbai"]
[Date "2020.01.02"]
[Round "4.29"]
[White "Lokesh, N.."]
[Black "Chanda, Sandipan"]
[Result "0-1"]
[WhiteElo "2240"]
[BlackElo "2545"]
[Annotator "TA"]
[PlyCount "90"]
[EventDate "2019.12.30"]
[EventType "swiss"]
[EventCountry "IND"]
[SourceTitle "playchess.com"]
[Source "ChessBase"]
[SourceQuality "1"]

{[%evp 16,90,33,12,39,45,76,64,70,74,79,77,75,0,43,49,48,42,55,0,0,0,7,0,0,0,0,-18,-18,-17,-14,-13,-8,-29,-31,-26,-34,-103,-103,-95,-102,-107,-107,-118,-114,-110,-111,-139,-139,-145,-151,-161,-162,-179,-173,-174,-171,-166,-156,-151,-156,-127,0,-160,-155,-170,-179,-216,-210,-214,-217,-322,-314,-277,-310,-295,-292]} 1. e4 c5 2. Nf3 d6 3. d4 cxd4 4. Nxd4 Nf6 5. Nc3 a6 6. Be2 e6 7. Be3 Be7 8. Qd2 Nc6 9. f4 Nxd4 {B84: Sicilian Scheveningen: 6 Be2 a6, lines without early Be3} 10. Qxd4 Qc7 11. O-O-O e5 {White is slightly better.} 12. fxe5 dxe5 13. Qa4+ Kf8 {[#]} 14. Bc4 $146 (14. Rhf1 $16) ({Predecessor:} 14. Rhf1 Bd7 15. Qb3 Rc8 16. Kb1 Be6 17. Nd5 Nxe4 18. Bg4 {1-0 (26) Morozevich,A (2694)-Fier,A (2566) Khanty-Mansiysk 2011}) 14... Bg4 15. Rd2 Rc8 16. Bd5 $1 Nxd5 17. Nxd5 (17. exd5 $14 h5 18. Rf1) 17... Qc4 $11 18. Qa5 f6 $132 {[%mdl 2048] Black has counterplay} 19. h3 Be6 20. Nb6 ({Don't play} 20. Nxe7 Kxe7 21. Re1 Qxa2 $17) 20... Qc7 21. Qa4 Qc6 22. Qxc6 Rxc6 23. Rhd1 {Strongly threatening Rd8+!} Kf7 24. Kb1 Bb4 25. c3 Ba5 26. Rd6 (26. Nd7 $15) 26... Bxb6 $1 $17 27. Bxb6 Rc4 28. Re1 {[#]} Rxe4 $1 {[%mdl 576] Remove Defender} 29. Rxe4 Bf5 30. Kc1 Bxe4 {[%mdl 4096] Endgame KRB-KRB} 31. Rd7+ Kg6 32. g3 h5 33. h4 Bc6 $1 {[%cal Rc6d7]} 34. Re7 Rg8 $1 35. Kd2 Kf5 $1 36. Ke2 Kg4 37. Bf2 Bb5+ 38. Ke3 Bc6 (38... Rd8 $17 {Threatens to win with ...Kf5.} 39. Rxb7 Kf5) 39. c4 $2 {[#]} (39. Ke2 $1 $11) 39... g5 $1 40. hxg5 Rxg5 (40... fxg5 41. Rxe5 h4 42. gxh4 $17) 41. b4 Rf5 42. Rg7+ {[#]} Kh3 $1 43. b5 (43. Ke2 {was worth a try.}) 43... axb5 {Black has a decisive advantage.} 44. cxb5 Rf3+ ({Resist} 44... Bxb5 45. Rxb7 Kg2 46. Be1 $19) 45. Ke2 Kg2 {Accuracy: White = 43%, Black = 84%.} 0-1

[Event "5th EKA IIFL Investment 2019"]
[Site "Mumbai"]
[Date "2020.01.02"]
[Round "4.30"]
[White "David, Alberto"]
[Black "Aaryan, Varshney"]
[Result "1/2-1/2"]
[WhiteElo "2545"]
[BlackElo "2269"]
[Annotator "TA"]
[PlyCount "82"]
[EventDate "2019.12.30"]
[EventType "swiss"]
[EventCountry "IND"]
[SourceTitle "playchess.com"]
[Source "ChessBase"]
[SourceQuality "1"]

{[%evp 19,82,18,19,12,44,-6,24,32,28,9,29,39,40,25,34,5,6,0,0,0,0,0,0,0,0,0,11,10,19,14,36,5,30,30,44,51,78,7,13,0,0,0,0,0,0,-4,-4,-4,-4,-4,-4,-41,-18,-31,0,0,0,0,0,-5,-5,-5,-5,-8,0]} 1. Nf3 Nf6 2. g3 g6 3. c4 Bg7 4. Bg2 O-O 5. O-O d6 6. Nc3 e5 7. d4 Nbd7 8. Qc2 c6 9. Rd1 Qc7 10. b3 Re8 11. h3 {E67: King's Indian: Fianchetto: 6...Nbd7} (11. e4 a5 12. Ba3 Bf8 13. Qd2 exd4 14. Qxd4 a4 15. bxa4 Qa5 16. Rac1 Bg7 17. Qd2 Nc5 18. Ng5 h6 19. Qxd6 Ncd7 20. Nxf7 Bf8 {0-1 (35) Grigoryan,K (2473)-Ganguly,S (2631) Jakarta 2011}) 11... h6 12. e3 exd4 $146 ({Predecessor:} 12... Rb8 13. Ba3 Bf8 14. Rac1 Qa5 15. Bb2 e4 16. Nd2 d5 17. a3 b5 18. b4 Qd8 19. cxb5 cxb5 {0-1 (32) Rossi,G (2100)-Qendro,L (2355) Bernate 2000}) 13. Nxd4 {White has an edge.} Nc5 14. Ba3 Bd7 15. Rd2 a5 16. Re1 h5 17. Bb2 Rad8 18. Ba1 Qc8 19. h4 Bh3 20. Bh1 Re7 21. a3 Rde8 22. b4 axb4 23. axb4 Nce4 24. Nxe4 Nxe4 25. Rdd1 Qc7 26. Ne2 Bxa1 27. Rxa1 Qb6 28. Nc3 (28. Nf4 $16 Bg4 29. Qb2) 28... Bf5 {[#] Hoping for ...Nxg3!} 29. Nxe4 (29. Bxe4 {with more complications.} Bxe4 30. Qd2 Qd8 31. b5 Bf3 32. Qd3) 29... Bxe4 30. Qd2 Bxh1 31. Kxh1 Re4 32. Qxd6 Rxc4 33. Reb1 Qd8 34. Qxd8 Rxd8 $11 {[%mdl 4096] Endgame KRR-KRR} 35. b5 Rd2 36. bxc6 bxc6 (36... Rxc6 {feels hotter.} 37. Kg2 Rf6 38. Rf1 Rb2 39. Ra4 b5) 37. Kg2 {The position is equal.} Rcc2 38. Rf1 c5 39. Ra7 c4 40. Rc7 Kg7 41. Rc6 c3 {Accuracy: White = 49%, Black = 47%.} 1/2-1/2

[Event "5th EKA IIFL Investment 2019"]
[Site "Mumbai"]
[Date "2020.01.02"]
[Round "4.31"]
[White "Shyaamnikhil P"]
[Black "Pranav Vijay"]
[Result "1-0"]
[WhiteElo "2455"]
[BlackElo "2265"]
[Annotator "TA"]
[PlyCount "113"]
[EventDate "2019.12.30"]
[EventType "swiss"]
[EventCountry "IND"]
[SourceTitle "playchess.com"]
[Source "ChessBase"]
[SourceQuality "1"]

{[%evp 13,112,29,28,0,1,0,14,0,0,-7,7,0,10,18,19,8,8,8,8,0,17,9,14,2,23,16,14,0,0,-31,37,40,49,35,53,50,87,92,104,66,174,168,188,174,304,273,348,319,380,170,201,218,193,199,171,165,229,142,249,60,326,320,382,305,310,322,308,267,254,0,289,286,348,206,310,296,325,329,324,284,371,347,456,368,528,529,458,408,623,592,1481,1060,29986,29987,29987,29988,29994,29995,29998,29997,29999]} 1. Nf3 Nf6 2. c4 e6 3. Nc3 Bb4 4. Qc2 O-O 5. a3 Bxc3 6. Qxc3 c5 7. b4 b6 8. Rb1 $146 {A17: English Opening: 1...Nf6 with ...Bb4} ({Predecessor:} 8. Bb2 Bb7 9. e3 Qe7 10. Be2 Rc8 11. b5 d5 12. d3 Nbd7 13. O-O dxc4 14. dxc4 Ne8 15. a4 a5 16. Rad1 {½-½ (62) Mchedlishvili,M (2610)-Anisimov,P (2533) St Petersburg 2018}) 8... d6 9. d3 e5 10. Bg5 {The position is equal.} Nc6 11. e3 Qe7 12. Be2 Bf5 13. b5 Nd8 14. Nd2 Ne6 15. Bxf6 Qxf6 16. Bf3 Rad8 17. a4 Nc7 18. a5 Bg6 19. h4 h6 20. axb6 axb6 21. Ra1 Rd7 (21... d5 $15) 22. Bc6 $14 Re7 23. Ra3 Rd8 24. Qc2 Bf5 25. Ne4 $36 {[%mdl 2048] White has strong initiative.} Qe6 26. Nc3 Qc8 {[#]} ({Better is} 26... Qg6 $14) 27. O-O $1 $18 Bd7 28. Rfa1 Be6 (28... Rf8 $142 29. Qb3 Qe8) 29. Qb3 f5 30. Ra7 {[%cal Ba3a7,Ba7b7,Bb7b6,Bb6c6][%mdl 32]} Rf7 31. Bb7 (31. Na4 $142) 31... Qb8 32. Bf3 Rdf8 33. Rb7 Qd8 34. Rxb6 {Rb7 is the strong threat.} Qxh4 (34... f4 $142) 35. Qc2 f4 {[#]} (35... e4 $16 {was worth a try.} 36. dxe4 f4) 36. Qe2 $2 (36. Rxd6 fxe3 37. fxe3 Rxf3 $17) ({White has to play} 36. exf4 $1 $18 exf4 37. Rxd6) 36... Qd8 $2 {[%mdl 8192]} (36... fxe3 $14 37. Qxe3 d5) 37. Ne4 Rd7 38. Rc6 fxe3 39. fxe3 Bf5 40. Ng3 Be6 41. Ne4 Bf5 42. Ra7 Qb8 43. Ra2 (43. b6 $142 Ne8 44. Qa2) 43... Ne8 (43... Qd8 $142 44. Bg4 Ne8 45. Bxf5 Rxf5) 44. Ng3 Be6 45. Bg4 Bxg4 46. Qxg4 Nf6 47. Qe6+ Kh8 48. Ne4 {And now Nxf6 would win.} Qd8 (48... Rdd8 {was called for.} 49. Nxd6 e4) 49. Rxd6 Rxd6 50. Nxd6 {Threatens to win with Ra7.} ({Not} 50. Qxd6 Nxe4 51. Qxd8 Rxd8 $18) 50... Qc7 (50... Kh7 $142 51. Qxe5 Qd7) 51. b6 {[%cal Bb5b6,Bb6b7][%mdl 32]} Qd8 52. b7 {Strongly threatening Nf7+.} Nd7 53. Nf7+ {White mates.} Rxf7 54. Qxf7 Qc7 55. Ra8+ Kh7 56. Rg8 {[%csl Gg8][%cal Rf7g7]} Qxb7 57. Qxg7# {Accuracy: White = 53%, Black = 21%.} 1-0

[Event "5th EKA IIFL Investment 2019"]
[Site "Mumbai"]
[Date "2020.01.02"]
[Round "4.32"]
[White "Vatsal Singhania"]
[Black "Khusenkhojaev, Muhammad"]
[Result "1/2-1/2"]
[WhiteElo "2252"]
[BlackElo "2427"]
[Annotator "TA"]
[PlyCount "148"]
[EventDate "2019.12.30"]
[EventType "swiss"]
[EventCountry "IND"]
[SourceTitle "playchess.com"]
[Source "ChessBase"]
[SourceQuality "1"]

{[%evp 13,147,10,15,12,22,15,19,14,28,13,13,13,18,0,0,0,0,0,15,0,11,0,0,0,0,0,0,0,0,0,0,0,0,0,24,-72,-83,-138,-140,-155,-175,-241,-118,-257,-257,-284,-291,-287,-261,-262,-260,-247,-266,-654,-156,-171,-158,-193,-169,-162,-83,-83,-87,-88,-70,-71,-80,-267,-265,-260,-258,-254,-252,-217,-79,-121,-149,-355,-359,-696,-547,-535,-490,-423,-370,-662,-651,-645,-539,-628,-541,-402,-398,-402,-345,-335,-356,-412,-8,-8,-8,-8,0,0,0,-8,-8,-8,-8,-8,-8,-8,-8,-8,-8,-8,-8,-8,0,0,0,0,0,0,0,0,0,0,0,0,0,0,0,0,0,0]} 1. e4 e5 2. Nf3 Nc6 3. Bc4 Bc5 4. O-O Nf6 5. d3 a6 6. c3 d6 7. a4 h6 8. Nbd2 {[%cal Bb1d2,Bd2f1,Bf1e3,Be3f5][%mdl 32] C54: Giuoco Piano: 4 c3 Nf6, main lines with 5 d4 and 5 d3} Ba7 9. h3 O-O 10. Re1 Re8 (10... Be6 11. Bxe6 fxe6 12. b4 Nh5 13. Nf1 Qf6 14. Ra2 Nf4 15. Bxf4 Qxf4 {½-½ (44) Vachier Lagrave,M (2780)-Kramnik,V (2753) Moscow 2019}) 11. Nf1 Be6 12. Bxe6 Rxe6 13. Be3 Bxe3 14. Nxe3 d5 15. Qc2 Qd7 16. Rad1 $146 Rd8 17. Qb3 b6 18. Nf5 Ree8 19. Qc2 Qe6 20. Qe2 dxe4 21. dxe4 Rxd1 22. Rxd1 Qb3 23. Ra1 Na5 24. Re1 (24. Ne3 $1 $11 {keeps the balance.}) 24... Nc4 $17 25. N3h4 (25. Nd2 $142 Nxd2 26. Qxd2) 25... Qxa4 26. Qf3 Re6 (26... Nxb2 27. Qg3 $1 $18 {[%mdl 512]}) 27. Rd1 (27. b4 $142) 27... Nd6 (27... Nxb2 28. Rd8+ Re8 29. Rxe8+ Qxe8 30. Qg3 $1 $17 {[%mdl 512]}) (27... Kh7 $19 {And now ...g5 would win.} 28. g4 a5) 28. b4 (28. Nxd6 $17 {was necessary.} Rxd6 29. Rxd6 cxd6 30. Nf5) 28... Qc2 $19 29. Nxd6 Rxd6 (29... cxd6 30. Nf5 $17) 30. Re1 Rd3 31. Qf5 Qxc3 32. Qc8+ Kh7 33. Qf5+ $2 (33. Rf1 g6 34. Qf8) 33... Kh8 $2 (33... g6 $19 {is more deadly.} 34. Qxf6 Qxe1+ {[%mdl 64] Double Attack} 35. Kh2 Kg8 36. Nxg6 fxg6 37. Qe6+ Kf8 38. Qc8+ Ke7 39. Qxc7+ Rd7 40. Qxe5+ Kf7 41. Qf4+ Kg8 42. Qb8+ Kh7) 34. Qc8+ $17 Ng8 $1 35. Rb1 Qc2 36. Rf1 Rd1 (36... g6 $1 $19 37. Qf8 Qc4) 37. Rxd1 Qxd1+ 38. Kh2 Qe1 39. Qf5 g5 $1 {[%cal Rg5h4]} (39... Qxb4 40. Qxf7 Qxe4 41. Ng6+ Kh7 42. Nf8+ Kh8 43. Ng6+ Kh7 44. Nf8+ Kh8 45. Ng6+ $11) 40. Ng6+ $2 (40. b5 $17 {might work better.} axb5 41. Qxe5+ f6 42. Ng6+ Kg7 43. Qe8) 40... Kg7 $1 $19 (40... fxg6 41. Qxe5+ Kh7 42. Qxc7+ Kh8 43. Qe5+ Kh7 44. Qc7+ Kh8 45. Qe5+ Kh7 46. Qc7+ $11) 41. Nxe5 Nf6 42. Nxf7 Qxe4 ({Not} 42... Kxf7 43. e5 $11) 43. Nxh6 {[#]} Qd5 (43... Qh4 $1 $19 44. Qe5 Qxh6) 44. h4 gxh4 {Hoping for ...Qd6+.} ({Inferior is} 44... Kxh6 45. Qxf6+ Kh7 46. Qe7+ (46. hxg5 $2 Qd6+ 47. Kh3 Qxf6 $19) (46. Qxg5 $2 Qxg5 47. hxg5 a5 $19) 46... Kg6 47. Qxc7 $16) 45. Qf4 $2 (45. Kh3 $17) 45... Kg6 46. Ng4 $2 (46. Qxh4 a5 47. f3) 46... Qd6 47. Qxd6 cxd6 {[%mdl 4096] Endgame KN-KN} 48. Ne3 d5 49. Kh3 $2 (49. g3 d4 50. Nc4 hxg3+ 51. Kxg3) 49... d4 50. Nc4 b5 51. Nb2 Nd5 52. Nd3 Kg5 {Strongly threatening ...Nf4+.} 53. g3 hxg3 54. Kxg3 Kf5 55. Kf3 {[#] and the idea Ke2 leaves White hopeful.} Nc7 $2 (55... Nc3 $1 $19 {aiming for ...Ke6.} 56. Nc5 Ke5 57. Nxa6 Kd5) 56. Nc5 $1 $11 {The position is equal.} Ke5 {Threatens to win with ...Kd5.} 57. Ke2 $1 Kd6 58. Kd3 Kd5 59. f4 a5 {next ...a4 is good for Black.} 60. Nb3 Ne6 61. bxa5 Nxf4+ 62. Kd2 Ne6 63. a6 Kc6 64. Kd3 Kb6 65. Nxd4 Nxd4 66. Kxd4 Kxa6 {KP-K} 67. Kc3 Ka5 68. Kb3 b4 {[%cal Bb5b4,Bb4b3,Bb3b2][%mdl 32]} 69. Kb2 Ka4 70. Ka2 b3+ 71. Kb2 Kb4 72. Kb1 Ka3 {( -> ...b2)} 73. Ka1 b2+ (73... Ka4 $5 {[%cal Ra4a3]} 74. Kb2 Kb5 $11) 74. Kb1 Kb3 {Accuracy: White = 37%, Black = 55%.} 1/2-1/2

[Event "5th EKA IIFL Investment 2019"]
[Site "Mumbai"]
[Date "2020.01.02"]
[Round "4.33"]
[White "Jubin Jimmy"]
[Black "Mohammad, Nubairshah Shaikh"]
[Result "0-1"]
[WhiteElo "2193"]
[BlackElo "2421"]
[Annotator "ChessBase"]
[PlyCount "184"]
[EventDate "2019.12.30"]
[EventType "swiss"]
[EventCountry "IND"]
[SourceTitle "playchess.com"]
[Source "ChessBase"]
[SourceQuality "1"]
[TimeControl "40/5400+30:1800+30"]

1. d4 {[%emt 0:00:01]} d6 {[%emt 0:01:32]} 2. Nf3 {[%emt 0:00:38]} g6 {[%emt 0:00:21]} 3. g3 {[%emt 0:00:57]} Bg7 {[%emt 0:00:07]} 4. Bg2 {[%emt 0:00:05]} c5 {[%emt 0:08:33]} 5. dxc5 {[%emt 0:01:38]} Qa5+ {[%emt 0:00:32]} 6. c3 {[%emt 0:01:04]} Qxc5 {[%emt 0:01:13]} 7. O-O {[%emt 0:00:17]} Nf6 {[%emt 0:00:09]} 8. Nbd2 {[%emt 0:01:43]} O-O {[%emt 0:00:32]} 9. e4 {[%emt 0:00:40]} Qc7 {[%emt 0:09:49]} 10. Re1 {[%emt 0:02:36]} Nc6 {[%emt 0:00:06]} 11. h3 {[%emt 0:02:41]} Rb8 {[%emt 0:12:03]} 12. b3 {[%emt 0:08:31]} Nd7 {[%emt 0:06:43]} 13. Bb2 {[%emt 0:01:11]} Nc5 {[%emt 0:00:02]} 14. Nf1 {[%emt 0:15:35]} b5 {[%emt 0:00:32]} 15. Rc1 {[%emt 0:06:46]} Bb7 {[%emt 0:05:12]} 16. Ba1 {[%emt 0:09:03]} Ba8 {[%emt 0:04:19]} 17. Qe2 {[%emt 0:05:28]} Rfc8 {[%emt 0:03:18]} 18. Red1 {[%emt 0:04:43]} a5 {[%emt 0:04:14]} 19. Nd4 {[%emt 0:03:13]} Qb6 {[%emt 0:02:47]} 20. Kh2 {[%emt 0:04:11]} Rc7 {[%emt 0:19:37]} 21. f3 {[%emt 0:06:38]} Na6 {[%emt 0:08:12]} 22. Nxc6 {[%emt 0:03:23]} Bxc6 {[%emt 0:00:18]} 23. Ne3 {[%emt 0:01:41]} Rbc8 {[%emt 0:01:48]} 24. Nc2 {[%emt 0:05:54]} Bd7 {[%emt 0:01:23]} 25. Ne3 {[%emt 0:00:58]} Bc6 {[%emt 0:03:04]} 26. Nc2 {[%emt 0:02:13]} Nc5 {[%emt 0:00:30]} 27. Qe3 {[%emt 0:01:46]} Qa7 {[%emt 0:01:17]} 28. h4 {[%emt 0:02:01]} Bd7 {[%emt 0:01:11]} 29. Nd4 {[%emt 0:01:22]} h5 {[%emt 0:00:40]} 30. Bf1 {[%emt 0:02:09]} Ne6 {[%emt 0:00:37]} 31. Qd2 {[%emt 0:01:24]} b4 {[%emt 0:02:31]} 32. c4 {[%emt 0:01:08]} Ra8 {[%emt 0:01:49]} 33. Nxe6 {[%emt 0:02:12]} Bxe6 {[%emt 0:00:01]} 34. Bxg7 {[%emt 0:00:17]} Kxg7 {[%emt 0:00:01]} 35. Bh3 {[%emt 0:00:47]} Bxh3 {[%emt 0:00:26]} 36. Kxh3 {[%emt 0:00:01]} Rc5 {[%emt 0:01:32]} 37. Kg2 {[%emt 0:00:40]} Kg8 {[%emt 0:00:28]} 38. Rc2 {[%emt 0:01:30]} Qb6 {[%emt 0:00:41]} 39. Qf2 {[%emt 0:01:03]} a4 {[%emt 0:00:07]} 40. Rd3 {[%emt 0:00:00]} axb3 {[%emt 0:00:00]} 41. axb3 {[%emt 0:00:58]} Qa7 {[%emt 0:04:40]} 42. Qd2 {[%emt 0:08:42]} Qa3 {[%emt 0:01:01]} 43. Kh2 {[%emt 0:04:01]} Rca5 {[%emt 0:00:31]} 44. Kg2 {[%emt 0:01:15]} Kh7 {[%emt 0:02:18]} 45. Kh2 {[%emt 0:00:20]} Kg7 {[%emt 0:00:06]} 46. Kg2 {[%emt 0:00:08]} Kg8 {[%emt 0:00:15]} 47. Re3 {[%emt 0:05:13]} Qa1 {[%emt 0:05:08]} 48. Re1 {[%emt 0:00:26]} Qa2 {[%emt 0:01:11]} 49. Rxa2 {[%emt 0:02:56]} Rxa2 {[%emt 0:00:03]} 50. Re2 {[%emt 0:00:09]} Rxd2 {[%emt 0:00:09]} 51. Rxd2 {[%emt 0:00:02]} Ra3 {[%emt 0:00:29]} 52. Rb2 {[%emt 0:01:48]} Ra1 {[%emt 0:00:33]} 53. Re2 Ra8 {[%emt 0:00:28]} 54. Rd2 {[%emt 0:00:00]} Ra3 {[%emt 0:00:29]} 55. Rb2 {[%emt 0:01:30]} Ra1 {[%emt 0:00:33]} 56. e5 {[%emt 0:02:12]} dxe5 {[%emt 0:12:21]} 57. Rc2 {[%emt 0:00:06]} f6 {[%emt 0:01:24]} 58. c5 {[%emt 0:00:21]} Ra7 {[%emt 0:00:02]} 59. Kf2 {[%emt 0:02:48]} Kf7 {[%emt 0:00:02]} 60. Rc4 {[%emt 0:01:00]} Rc7 {[%emt 0:00:07]} 61. Ke3 {[%emt 0:01:24]} Ke6 {[%emt 0:00:02]} 62. Rxb4 {[%emt 0:00:12]} Rxc5 {[%emt 0:00:02]} 63. Rb7 {[%emt 0:00:20]} Rc3+ {[%emt 0:03:21]} 64. Kf2 {[%emt 0:00:21]} Rc2+ {[%emt 0:00:04]} 65. Kf1 {[%emt 0:00:14]} Rb2 {[%emt 0:03:48]} 66. Kg1 {[%emt 0:00:19]} g5 {[%emt 0:01:40]} 67. Rb4 {[%emt 0:03:29]} Kf5 {[%emt 0:02:47]} 68. Kf1 {[%emt 0:01:57]} gxh4 {[%emt 0:01:08]} 69. gxh4 {[%emt 0:00:12]} Ke6 {[%emt 0:00:41]} 70. Rb5 {[%emt 0:01:13]} Rh2 {[%emt 0:00:03]} 71. Rb4 {[%emt 0:00:15]} Kd5 {[%emt 0:00:13]} 72. Ke1 {[%emt 0:00:33]} f5 {[%emt 0:00:33]} 73. Rb7 {[%emt 0:01:02]} e6 {[%emt 0:00:18]} 74. Rb4 {[%emt 0:00:56]} f4 {[%emt 0:01:19]} 75. Kf1 {[%emt 0:00:17]} Rd2 {[%emt 0:00:41]} 76. Ke1 Rb2 {[%emt 0:00:04]} 77. Kf1 {[%emt 0:01:15]} Kd6 {[%emt 0:00:45]} 78. Ke1 {[%emt 0:00:21]} Kc6 {[%emt 0:00:39]} 79. Kf1 {[%emt 0:00:13]} Rh2 {[%emt 0:00:30]} 80. Kg1 Rd2 {[%emt 0:00:02]} 81. Kf1 {[%emt 0:01:51]} Rd4 {[%emt 0:00:29]} 82. Rb8 {[%emt 0:00:03]} e4 {[%emt 0:00:22]} 83. fxe4 {[%emt 0:00:08]} Rxe4 {[%emt 0:00:01]} 84. Kf2 {[%emt 0:01:00]} Re3 {[%emt 0:00:02]} 85. b4 {[%emt 0:00:28]} Rb3 {[%emt 0:00:19]} 86. Re8 {[%emt 0:01:26]} Kd5 {[%emt 0:00:04]} 87. Rh8 {[%emt 0:00:11]} Ke4 {[%emt 0:00:12]} 88. Rxh5 {[%emt 0:00:05]} e5 {[%emt 0:00:23]} 89. Rg5 {[%emt 0:00:09]} Rb2+ {[%emt 0:02:57]} 90. Ke1 {[%emt 0:00:27]} Rxb4 {[%emt 0:00:24]} 91. h5 {[%emt 0:00:05]} Rb2 {[%emt 0:00:44]} 92. Kf1 {[%emt 0:01:11]} f3 {[%emt 0:00:01]} 0-1

[Event "5th EKA IIFL Investment 2019"]
[Site "Mumbai"]
[Date "2020.01.02"]
[Round "4.34"]
[White "Kulkarni, Vinayak"]
[Black "Sundararajan, Kidambi"]
[Result "0-1"]
[WhiteElo "2167"]
[BlackElo "2414"]
[Annotator "ChessBase"]
[PlyCount "90"]
[EventDate "2019.12.30"]
[EventType "swiss"]
[EventCountry "IND"]
[SourceTitle "playchess.com"]
[Source "ChessBase"]
[SourceQuality "1"]
[TimeControl "40/5400+30:1800+30"]

1. d4 {[%emt 0:01:11]} Nf6 {[%emt 0:00:00]} 2. c4 {[%emt 0:00:14]} d6 {[%emt 0:00:03]} 3. Nc3 {[%emt 0:00:28]} g6 {[%emt 0:00:40]} 4. e4 {[%emt 0:00:27]} Bg7 {[%emt 0:00:07]} 5. Nf3 {[%emt 0:00:15]} O-O {[%emt 0:00:19]} 6. Be2 {[%emt 0:00:14]} Nbd7 {[%emt 0:00:19]} 7. O-O {[%emt 0:00:19]} e5 {[%emt 0:00:05]} 8. Be3 {[%emt 0:00:34]} Re8 {[%emt 0:00:54]} 9. d5 {[%emt 0:02:13]} Nh5 {[%emt 0:02:18]} 10. g3 {[%emt 0:03:22]} Nhf6 {[%emt 0:01:21]} 11. Nd2 {[%emt 0:03:41]} c5 {[%emt 0:01:14]} 12. a3 {[%emt 0:03:02]} Nf8 {[%emt 0:01:47]} 13. b4 {[%emt 0:01:20]} b6 {[%emt 0:01:28]} 14. Rb1 {[%emt 0:02:37]} h5 {[%emt 0:00:31]} 15. bxc5 {[%emt 0:02:22]} bxc5 {[%emt 0:01:01]} 16. Qa4 {[%emt 0:02:58]} Bh3 {[%emt 0:01:37]} 17. Rfe1 {[%emt 0:02:20]} Ng4 {[%emt 0:02:05]} 18. Bf1 {[%emt 0:09:31]} Bxf1 {[%emt 0:00:14]} 19. Nxf1 {[%emt 0:00:54]} h4 {[%emt 0:02:19]} 20. Rb7 {[%emt 0:07:56]} Qf6 {[%emt 0:03:31]} 21. Qd1 {[%emt 0:06:13]} Nxe3 {[%emt 0:00:43]} 22. Rxe3 {[%emt 0:04:31]} Re7 {[%emt 0:08:02]} 23. Qb1 {[%emt 0:11:33]} Bh6 {[%emt 0:06:35]} 24. Rd3 {[%emt 0:02:11]} Rae8 {[%emt 0:03:10]} 25. Rb2 {[%emt 0:05:23]} Nh7 {[%emt 0:02:30]} 26. Qd1 {[%emt 0:01:32]} Qg5 {[%emt 0:04:00]} 27. Nd2 {[%emt 0:05:22]} hxg3 {[%emt 0:01:45]} 28. Rxg3 {[%emt 0:02:14]} Qf6 {[%emt 0:03:35]} 29. Qg4 {[%emt 0:03:21]} Bf4 {[%emt 0:02:44]} 30. Rd3 {[%emt 0:01:11]} Qg7 {[%emt 0:07:13]} 31. Ne2 {[%emt 0:02:09]} f5 {[%emt 0:05:12]} 32. exf5 {[%emt 0:00:42]} gxf5 {[%emt 0:00:57]} 33. Qxg7+ {[%emt 0:01:15]} Rxg7+ {[%emt 0:00:08]} 34. Kh1 {[%emt 0:01:54]} Ng5 {[%emt 0:09:26]} 35. Ng3 {[%emt 0:01:38]} e4 {[%emt 0:02:58]} 36. Rdb3 {[%emt 0:00:10]} Bxd2 {[%emt 0:04:46]} 37. Rxd2 {[%emt 0:00:27]} Nf3 {[%emt 0:02:02]} 38. Rdb2 {[%emt 0:05:13]} f4 {[%emt 0:04:19]} 39. Rb8 {[%emt 0:01:48]} fxg3 {[%emt 0:06:36]} 40. Rxe8+ {[%emt 0:00:00]} Kf7 {[%emt 0:00:00]} 41. Rb7+ {[%emt 0:06:40]} Kxe8 {[%emt 0:00:15]} 42. Rxg7 {[%emt 0:00:12]} gxf2 {[%emt 0:00:08]} 43. Kg2 {[%emt 0:01:33]} e3 {[%emt 0:00:17]} 44. Rg8+ {[%emt 0:01:34]} Kf7 {[%emt 0:02:53]} 45. Rg3 {[%emt 0:01:51]} Nd2 {[%emt 0:00:28]} 0-1